La participación pública en el procedimiento de elaboración de los reglamentos en los Estados Unidos de América

Saved in:
Bibliografiske detaljer
Hovedforfatter: Lavilla Rubira, Juan José (Author)
Format: Bog
Sprog:spansk
Udgivet: Madrid Civitas S.A 1991
Udgivelse:1a. ed
Serier:Civitas
Fag:
Tags: Tilføj Tag
Ingen Tags, Vær først til at tagge denne postø!

MARC

LEADER 00000cam a2200000 a 4500
001 UCB0252
003 CL-VaPUC
005 20210713001433.0
008 191220e19910000sp spa d
020 |a 8473988388 
082 0 4 |a 948.73  |b LAV  |2 21 
100 1 |a Lavilla Rubira, Juan José  |e author  |9 605577 
245 1 3 |a La participación pública en el procedimiento de elaboración de los reglamentos en los Estados Unidos de América 
250 |a 1a. ed 
260 |a Madrid  |b Civitas S.A  |c 1991 
300 |a 365 p 
490 0 |a Civitas 
583 |a last modification  |c 20191220 13:26:00  |k Rodrigo Vera 
650 0 0 |a Derecho público   |9 255910 
650 0 7 |a LEGISLACION NORTEAMERICANA  |2 CL-VaPUC  |9 605578 
942 |c BK 
945 |a dcastane  |d 20191220 13:26:00 
999 |c 376397  |d 376395 
952 |0 0  |1 0  |3 erb  |4 0  |6 948_730000000000000_LAV_1991  |7 0  |8 ?  |9 495789  |a BIBDER  |b BIBDER  |e Precht Pizarro, Jorge Enrique  |i 5609771  |o 948.73 LAV 1991  |p 5609771  |r 2023-01-25  |w 2020-01-06  |y BK  |z Catalogado en:20191220  |k DER